<?xml version="1.0" encoding="UTF-8"?>
<record
    xmlns:xsi="http://www.w3.org/2001/XMLSchema-instance"
    xsi:schemaLocation="http://www.loc.gov/MARC21/slim http://www.loc.gov/standards/marcxml/schema/MARC21slim.xsd"
    xmlns="http://www.loc.gov/MARC21/slim">

  <leader>01006caa a22002417a 4500</leader>
  <datafield tag="999" ind1=" " ind2=" ">
    <subfield code="c">408683</subfield>
    <subfield code="d">408683</subfield>
  </datafield>
  <controlfield tag="001"> 135336 </controlfield>
  <controlfield tag="003">UA-OsUOA</controlfield>
  <controlfield tag="005">20200213092902.0</controlfield>
  <controlfield tag="007">ta</controlfield>
  <controlfield tag="008">20190118b un ||||| |||| 00| 0 ukr d</controlfield>
  <datafield tag="040" ind1=" " ind2=" ">
    <subfield code="a">UA-OsUOA</subfield>
    <subfield code="b">ukr</subfield>
    <subfield code="c">UA-OsUOA</subfield>
    <subfield code="d">UA-OsUOA</subfield>
  </datafield>
  <datafield tag="041" ind1=" " ind2=" ">
    <subfield code="a">ukr</subfield>
  </datafield>
  <datafield tag="080" ind1=" " ind2=" ">
    <subfield code="a">908</subfield>
  </datafield>
  <datafield tag="090" ind1=" " ind2=" ">
    <subfield code="a">908</subfield>
    <subfield code="b">&#x428;91</subfield>
  </datafield>
  <datafield tag="100" ind1=" " ind2=" ">
    <subfield code="a">&#x428;&#x442;&#x438;&#x431;&#x430; &#x41E;.</subfield>
  </datafield>
  <datafield tag="245" ind1=" " ind2=" ">
    <subfield code="a">&#x414;&#x456;&#x44F;&#x43B;&#x44C;&#x43D;&#x456;&#x441;&#x442;&#x44C; &#x41E;&#x441;&#x442;&#x440;&#x43E;&#x437;&#x44C;&#x43A;&#x43E;&#x433;&#x43E; &#x43F;&#x43E;&#x432;&#x456;&#x442;&#x43E;&#x432;&#x43E;&#x433;&#x43E; &#x440;&#x435;&#x432;&#x43A;&#x43E;&#x43C;&#x443; (&#x442;&#x440;&#x430;&#x432;&#x435;&#x43D;&#x44C;-&#x441;&#x435;&#x440;&#x43F;&#x435;&#x43D;&#x44C; 1919 &#x440;.) &#x44F;&#x43A; &#x43F;&#x440;&#x438;&#x43A;&#x43B;&#x430;&#x434; &#x432;&#x43F;&#x440;&#x43E;&#x432;&#x430;&#x434;&#x436;&#x435;&#x43D;&#x43D;&#x44F; &#x431;&#x456;&#x43B;&#x44C;&#x448;&#x43E;&#x432;&#x438;&#x446;&#x44C;&#x43A;&#x43E;&#x433;&#x43E; &#x440;&#x435;&#x436;&#x438;&#x43C;&#x443; &#x432; &#x443;&#x43A;&#x440;&#x430;&#x457;&#x43D;&#x441;&#x44C;&#x43A;&#x43E;&#x43C;&#x443; &#x441;&#x435;&#x43B;&#x456;</subfield>
    <subfield code="c">&#x41E;. &#x428;&#x442;&#x438;&#x431;&#x430; </subfield>
  </datafield>
  <datafield tag="300" ind1=" " ind2=" ">
    <subfield code="a">&#x421;. 57&#x2013;61</subfield>
  </datafield>
  <datafield tag="650" ind1=" " ind2="7">
    <subfield code="a">908 &#x41A;&#x440;&#x430;&#x454;&#x437;&#x43D;&#x430;&#x432;&#x441;&#x442;&#x432;&#x43E;</subfield>
    <subfield code="2">UDC</subfield>
  </datafield>
  <datafield tag="773" ind1="0" ind2=" ">
    <subfield code="0">309668</subfield>
    <subfield code="9">309379</subfield>
    <subfield code="d">&#x41E;&#x441;&#x442;&#x440;&#x43E;&#x433; &#x41D;&#x430;&#x423;"&#x41E;&#x410;" 2003</subfield>
    <subfield code="o">77072</subfield>
    <subfield code="t">&#x417;&#x430;&#x43F;&#x438;&#x441;&#x43A;&#x438; &#x43D;&#x430;&#x443;&#x43A;&#x43E;&#x432;&#x43E;&#x433;&#x43E; &#x442;&#x43E;&#x432;&#x430;&#x440;&#x438;&#x441;&#x442;&#x432;&#x430; &#x456;&#x43C;. &#x41E;.&#x41E;&#x433;&#x43B;&#x43E;&#x431;&#x43B;&#x438;&#x43D;&#x430;</subfield>
    <subfield code="w">(UA-OsUOA) 23421 </subfield>
    <subfield code="z">996-7631-67-2</subfield>
  </datafield>
  <datafield tag="942" ind1=" " ind2=" ">
    <subfield code="c">BKA</subfield>
    <subfield code="2">udc</subfield>
  </datafield>
  <datafield tag="955" ind1=" " ind2=" ">
    <subfield code="a">1</subfield>
  </datafield>
</record>
